[Event "FSGM August"]
[Site "Budapest HUN"]
[Date "2005.08.09"]
[Round "4"]
[White "Bellin,R"]
[Black "Seres,L"]
[Result "1/2-1/2"]
[WhiteElo "2399"]
[BlackElo "2429"]

1.e4 c5 2.Nc3 Nc6 3.Bb5 Nd4 4.Bc4 g6 5.Nf3 Bg7 6.Nxd4 cxd4 7.Qf3 e6 8.Nb5 d6
9.Qa3 Ke7 10.c3 dxc3 11.Nxc3 Qc7 12.Be2 Qc5 13.b4 Qb6 14.Bb2 Nf6 15.Na4 Qd8
16.b5 Kf8 17.e5 Ne8 18.O-O Kg8 19.d4 h6 20.Rac1 Kh7 21.Rfd1 d5 22.Rc2 b6
23.Rdc1 Bb7 24.f4 h5 25.Qd3 Bh6 26.g3 h4 27.Qf3 hxg3 28.hxg3 Rc8 29.Bd3 Rxc2
30.Rxc2 Bc8 31.Nc3 Bd7 32.Nd1 Kg8 33.Ba3 Bf8 34.Bc1 Qe7 35.a3 Qd8 36.Rc3 Ng7
37.Be3 Nf5 38.Bf2 Be7 39.Bf1 Ng7 40.Qe2 g5 41.Qg4  1/2-1/2

[Event "American Continental"]
[Site "Buenos Aires ARG"]
[Date "2005.08.09"]
[Round "4"]
[White "Ivanov,AV USA"]
[Black "Cordova,Em"]
[Result "1-0"]
[WhiteElo "2566"]
[BlackElo "2422"]

1.e4 c5 2.Nf3 Nc6 3.Nc3 Nf6 4.Bb5 Nd4 5.e5 Nxb5 6.Nxb5 Nd5 7.Ng5 Qb6 8.Qf3 f6
9.Qxd5 fxg5 10.Nc3 e6 11.Qf3 Be7 12.O-O g6 13.d3 Rf8 14.Qg3 Rf5 15.Ne4 Qc7
16.Bxg5 Qxe5 17.Bxe7 Kxe7 18.Qh4+ Kf8 19.Rae1 Qc7 20.g4 Rf4 21.Nf6 h5 22.Qg5 Kf7
23.Nd5 exd5 24.Re7+ Kf8 25.h3 Rf7 26.Rfe1 Qf4 27.Rxf7+ Qxf7 28.Qd8+ Kg7 29.Re7 hxg4
30.hxg4 b6 31.g5  1-0

[Event "Inline Czechia Cup IMA"]
[Site "Olomouc CZE"]
[Date "2005.08.09"]
[Round "9"]
[White "Mankeyev,Raua"]
[Black "Savage,B"]
[Result "1/2-1/2"]
[WhiteElo "2344"]
[BlackElo "2300"]

1.e4 c5 2.Nf3 Nc6 3.Nc3 e5 4.Bc4 Be7 5.d3 d6 6.O-O Nf6 7.Ng5 O-O 8.f4 exf4
9.Bxf4 h6 10.Nf3 Be6 11.Nd5 Bxd5 12.exd5 Na5 13.Nh4 Nxc4 14.dxc4 Nxd5 15.Qxd5 Bxh4
16.Rad1 Be7 17.Rd3 Qd7 18.Qxc5 Qa4 19.Qh5 Qxc2 20.Rg3 Qxb2 21.Bxh6 Bf6 22.Rxf6 Qxf6
23.Bxg7 Qxg7 24.Rxg7+ Kxg7 25.Qg5+ Kh7 26.Qh4+ Kg7 27.Qg3+ Kh7 28.Qd3+ Kg8
29.Qxd6 Rac8 30.Qg3+ Kh8 31.Qh4+ Kg8 32.Qg5+ Kh8 33.c5 f6 34.Qh5+ Kg7 35.Qg4+ Kh8
36.Qb4 Rc7 37.c6 Rff7 38.Qh4+ Kg7 39.Qg4+ Kh8 40.cxb7 Rxb7 41.Qc8+ Kg7 42.h4 Rb4
43.h5 Rb5 44.h6+ Kh7 45.Qe6 Rbb7 46.Qf5+ Kxh6 47.Qf4+ Kh7 48.Qf5+ Kh6 49.Qf4+ Kh5
50.Qf5+ Kh6  1/2-1/2

[Event "Warmia & Mazury"]
[Site "Ostroda POL"]
[Date "2005.08.09"]
[Round "5"]
[White "Heberla,B"]
[Black "Caba,T"]
[Result "1-0"]
[WhiteElo "2447"]
[BlackElo "2212"]

1.e4 c5 2.Nc3 Nc6 3.Bb5 Nd4 4.Bc4 e6 5.Nge2 a6 6.Nxd4 cxd4 7.Ne2 b5 8.Bb3 Nf6
9.d3 Bb4+ 10.Bd2 Bxd2+ 11.Qxd2 e5 12.Qg5 Qe7 13.f4 d6 14.fxe5 dxe5 15.O-O O-O
16.Ng3 h6 17.Qh4 Ra7 18.Nf5 Bxf5 19.Rxf5 Ne8 20.Qg3 a5 21.Raf1 Qb4 22.Qxe5 Nd6
23.a3 Raa8  1-0

[Event "FSGM August"]
[Site "Budapest HUN"]
[Date "2005.08.10"]
[Round "5"]
[White "Fogarasi,T"]
[Black "Berczes,D"]
[Result "0-1"]
[WhiteElo "2490"]
[BlackElo "2495"]

1.e4 c5 2.Nc3 Nc6 3.Nf3 e5 4.Bc4 Be7 5.d3 d6 6.Nd2 Nf6 7.Nf1 Bg4 8.f3 Be6
9.Ne3 O-O 10.O-O Nb4 11.Ncd5 Nbxd5 12.exd5 Bd7 13.f4 exf4 14.Rxf4 g6 15.c3 Nh5
16.Rf1 f5 17.Qf3 Bg5 18.Bd2 Qf6 19.Rae1 Rae8 20.Bb3 b5 21.Qd1 Qg7 22.Bc1 Qh6
23.Qf3 Nf6 24.h3 Rf7 25.Re2 Rfe7 26.Rfe1 Qh5 27.Kf2 Qxf3+ 28.Kxf3 f4 29.Ng4 Bxg4+  0-1

[Event "FSIMB August"]
[Site "Budapest HUN"]
[Date "2005.08.10"]
[Round "5"]
[White "Balogh,E"]
[Black "Radnai,A"]
[Result "1/2-1/2"]
[WhiteElo "2157"]
[BlackElo "2198"]

1.e4 c5 2.Nc3 Nc6 3.Nf3 Nf6 4.Bb5 Qc7 5.Bxc6 dxc6 6.h3 e5 7.d3 Be7 8.Be3 O-O
9.Qe2 a5 10.Na4 Nd7 11.O-O f5 12.exf5 Rxf5 13.Nc3 Nb6 14.Ne4 Nd5 15.Nxc5 Bxc5
16.Bxc5 Nf4 17.Qe3 Qf7 18.Nd2 Rg5 19.g3 Qh5 20.Rfe1 Qxh3 21.Qf3 Be6 22.Be3 Bd5
23.Ne4 Rh5 24.Bxf4 exf4 25.Qg2 fxg3 26.Qxh3 Rxh3 27.Nxg3 Bf3 28.Re3 Rf8 29.Rxf3 Rxf3
30.Kg2 Rhxg3+ 31.fxg3 Rf8  1/2-1/2

[Event "American Continental"]
[Site "Buenos Aires ARG"]
[Date "2005.08.10"]
[Round "5"]
[White "Zapata,K"]
[Black "Avalos,J"]
[Result "1-0"]
[WhiteElo "2156"]
[BlackElo "2323"]

1.e4 c5 2.Nc3 Nc6 3.Bb5 Nd4 4.Bc4 g6 5.Nf3 Bg7 6.Nxd4 cxd4 7.Qf3 e6 8.Nb5 d6
9.Qa3 Be5 10.d3 d5 11.f4 Bb8 12.exd5 exd5 13.Bb3 Qb6 14.O-O Ne7 15.Re1 Be6
16.c4 dxc4 17.Bxc4 a6 18.Bd2 Nf5 19.Re4 Bd6 20.Ba5 Qc6 21.Bxe6 axb5 22.Qb3 fxe6
23.Rxe6+ Kd7 24.Bb4 Kc7 25.g4 Ne3 26.Bxd6+ Kc8 27.Rxe3 dxe3 28.Qe6+ Kd8 29.Be7+ Kc7
30.Qxe3 Kd7 31.Rc1 Rhe8 32.Rxc6 bxc6 33.Qb6 Kxe7 34.Qxc6 Rac8 35.Qe4+ Kf8
36.Qb4+ Kg8 37.Kf2 Rc2+ 38.Kg3 h6 39.Qb3+  1-0

[Event "HZ Open"]
[Site "Vlissingen NED"]
[Date "2005.08.10"]
[Round "5"]
[White "Wegerle,J"]
[Black "Dek,L"]
[Result "1-0"]
[WhiteElo "2421"]
[BlackElo "2203"]

1.e4 c5 2.Nf3 Nc6 3.Nc3 Nf6 4.Bb5 Nd4 5.Bd3 d6 6.Nxd4 cxd4 7.Nd5 Nd7 8.c3 e6
9.Nb4 Qb6 10.Qe2 Be7 11.O-O O-O 12.a4 Ne5 13.Bc2 a5 14.Nd3 Nc6 15.c4 e5 16.b3 Be6
17.Ba3 Rae8 18.Rae1 f5 19.exf5 Bxf5 20.f3 Qd8 21.Bb1 Bg5 22.Nf2 d3 23.Bxd3 Nd4
24.Qd1 Bxd3 25.Nxd3 Qb6 26.c5 Qa6 27.Nf2 d5 28.Bb2 Nc6 29.d4 exd4 30.Bxd4 Nb4
31.Rxe8 Rxe8 32.Re1 Qc6 33.Rxe8+ Qxe8 34.g3 Nc6 35.Kg2 Qe6 36.Nh3 Bh6 37.Qd3 Nxd4
38.Qxd4 Qe2+ 39.Qf2 Qd3 40.f4 Qxb3 41.Qe1 g6 42.Qe6+ Kf8 43.Qc8+ Kf7 44.Nf2 Bf8
45.f5 gxf5 46.Qxf5+ Kg8 47.Qe6+ Kg7 48.Ng4 Qc2+ 49.Kh3 Qe4 50.Ne5  1-0

[Event "ch-SCG jr"]
[Site "Vrnjacka Banja SCG"]
[Date "2005.08.11"]
[Round "1"]
[White "Krstic,P"]
[Black "Bogosavljevic,B"]
[Result "0-1"]
[WhiteElo "2182"]
[BlackElo "2302"]

1.e4 c5 2.Nf3 Nc6 3.Nc3 d6 4.d4 cxd4 5.Nxd4 Nf6 6.Bc4 Qb6 7.Nxc6 bxc6 8.O-O e6
9.Qe2 Nd7 10.Na4 Qa5 11.b3 Be7 12.Bb2 O-O 13.Rad1 Qc7 14.f4 e5 15.f5 Bb7
16.Rf3 Nf6 17.Bd3 Rfe8 18.c4 d5 19.Nc3 Rad8 20.Rff1 Bc5+ 21.Kh1 Bd4 22.cxd5 Bxc3
23.Bxc3 cxd5 24.Rc1 Nxe4 25.Bxe4 dxe4 26.f6 Qb6 27.Qg4 g6 28.Qh4 Rd6 29.Qg5 h6
30.Qxh6 Rxf6 31.Rxf6 Qxf6 32.Qe3 Rc8 33.Re1 a6 34.Kg1 Qf4 35.g3 Qxe3+ 36.Rxe3 f6
37.Kf2 Kf7 38.Bb4 Rc2+ 39.Re2 Rc1 40.Ke3 Ke6 41.Rf2 f5 42.Kd2 Ra1 43.Kc3 e3
44.Re2 f4 45.Kb2 Rf1 46.Kc2 Rf2  0-1

[Event "American Continental"]
[Site "Buenos Aires ARG"]
[Date "2005.08.12"]
[Round "7"]
[White "Zapata,K"]
[Black "Ricardi,P"]
[Result "0-1"]
[WhiteElo "2156"]
[BlackElo "2551"]

1.e4 c5 2.Nc3 Nc6 3.Bb5 g6 4.Bxc6 bxc6 5.Nge2 Bg7 6.O-O d6 7.d3 Rb8 8.Rb1 Nf6
9.h3 O-O 10.Be3 Kh8 11.Qd2 Ng8 12.f4 f5 13.Kh1 Nf6 14.Ng3 Rb7 15.Nce2 Qe8
16.Ng1 fxe4 17.dxe4 Rb4 18.e5 Nd5 19.c3 Ra4 20.a3 Bh6 21.N1e2 Qf7 22.Qc2 Nxe3
23.Qxa4 Qd5 24.Rf3 Bxh3 25.Kh2 Nxg2 26.Qe4 Nh4 27.Qxd5 cxd5 28.Rd3 Be6 29.Rf1 dxe5
30.fxe5 Rxf1 31.Nxf1 Bg7 32.Kg3 g5 33.Ne3 Bxe5+ 34.Kf2 Kg7 35.Nxd5 Bd6 36.c4 Ng6
37.Rb3 Ne5 38.Rb7 Nxc4 39.Nxe7 Kf6 40.Nc3 Nxb2 41.Nc6 Nd3+ 42.Ke3 Bf5 43.Ne4+ Bxe4
44.Kxe4 c4 45.Rxa7 h5 46.Kd5 c3 47.Kxd6 c2 48.Ne5 Nxe5 49.Rc7 g4 50.Rxc2 g3
51.a4 h4 52.a5 h3 53.a6 h2 54.Rc1 Nc6 55.Kc7 Na7 56.Kb7 g2 57.Kxa7 g1=Q+
58.Rxg1 hxg1=Q+ 59.Kb7 Qb1+  0-1

[Event "American Continental"]
[Site "Buenos Aires ARG"]
[Date "2005.08.12"]
[Round "7"]
[White "Elias,L"]
[Black "Tobares,L"]
[Result "0-1"]
[WhiteElo "2061"]
[BlackElo "2260"]

1.e4 c5 2.Nf3 Nc6 3.Nc3 g6 4.d4 cxd4 5.Nxd4 Bg7 6.Nf3 d6 7.Bc4 Nf6 8.h3 O-O
9.O-O a6 10.Re1 b5 11.Bb3 Na5 12.Nd5 Nxb3 13.axb3 Bb7 14.c3 Nd7 15.Bg5 f6
16.Bh4 e6 17.Nb4 Nc5 18.Nd4 Qd7 19.f3 Rfd8 20.Ne2 Qf7 21.Bf2 Bf8 22.Qc2 e5
23.Bxc5 dxc5 24.Na2 Bc8 25.Rad1 Be6 26.Nac1 Bh6 27.Rxd8+ Rxd8 28.Rd1 Rd7
29.Rxd7 Qxd7 30.Kf1 Kf7 31.Qd3 Ke7 32.Ke1 Qc7 33.c4 Qa5+ 34.Kf2 Qb4 35.Na2 bxc4
36.Nxb4 cxd3 37.Nxd3 Kd6 38.b4 c4 39.Nc5 Bc8 40.Nc3 Bc1 41.N5a4 Bd7 42.Ke2 Bh6
43.Ke1 f5 44.Nc5 Bc8 45.N3a4 Kc6 46.exf5 gxf5 47.g4 Kb5 48.gxf5 Bxf5 49.Nc3+ Kxb4
50.Nxa6+ Kb3 51.Nc5+ Kxb2 52.N5a4+ Ka3 53.Nc5 Bxh3 54.Ke2 Bf5 55.N3e4 Kb4
56.Nb7 c3  0-1

[Event "American Continental"]
[Site "Buenos Aires ARG"]
[Date "2005.08.12"]
[Round "7"]
[White "Bachmann,Ax"]
[Black "Minaya,J"]
[Result "1-0"]
[WhiteElo "2410"]
[BlackElo "2255"]

1.e4 c5 2.Nc3 Nc6 3.Nf3 g6 4.d4 cxd4 5.Nxd4 Bg7 6.Be3 Nf6 7.Be2 O-O 8.Nb3 d6
9.O-O a5 10.a4 Nb4 11.f4 Be6 12.Nd4 Bd7 13.Bf3 Qc8 14.h3 Bc6 15.Nxc6 bxc6
16.Ne2 Rb8 17.Rb1 Rd8 18.Qd2 d5 19.e5 Ne4 20.Qd1 f6 21.c3 Na6 22.exf6 exf6
23.f5 Re8 24.fxg6 hxg6 25.Nf4 Kh7 26.Qe1 Bh6 27.Qh4 Ng5 28.Bg4 Qd8 29.Ne6 Qe7
30.Rxf6  1-0

[Event "HZ Open"]
[Site "Vlissingen NED"]
[Date "2005.08.12"]
[Round "7"]
[White "Wegerle,J"]
[Black "Ikonnikov,Vy"]
[Result "0-1"]
[WhiteElo "2421"]
[BlackElo "2560"]

1.e4 c5 2.Nf3 Nc6 3.Nc3 Nf6 4.e5 Ng4 5.Qe2 Qc7 6.Nb5 Qb8 7.d4 cxd4 8.Bf4 f6
9.Nh4 fxe5 10.Qxg4 exf4 11.Qh5+ Kd8 12.Ng6 hxg6 13.Qxh8 Qe5+ 14.Be2 Qf6 15.c3 d5
16.O-O a6 17.Nxd4 e5 18.Nf3 Kc7 19.Qh4 Qf5 20.Rfe1 Be7 21.Qh8 Qf7 22.h4 Rb8
23.Ng5 Bxg5 24.hxg5 Bf5 25.Qh4 Rg8 26.Bg4 Qf8 27.Bxf5 Rh8 28.Qg4 gxf5 29.Qf3 Qd6
30.g3 fxg3 31.fxg3 Qg6 32.Kg2 Rh5 33.Rad1 Rxg5 34.Rxe5 Nxe5 35.Qf4 Kd6 36.c4 Rxg3+
37.Qxg3 Qxg3+ 38.Kxg3 Nxc4 39.Kf4 Ke6 40.Kg5 Nd6 41.Kf4 Ne4 42.Rc1 g5+ 43.Ke3 f4+
44.Kd4 f3 45.Ke3 g4 46.Rc8 f2 47.Ke2 g3 48.Rg8 Nd2 49.Re8+ Kf7  0-1

[Event "American Continental"]
[Site "Buenos Aires ARG"]
[Date "2005.08.13"]
[Round "8"]
[White "Needleman,A"]
[Black "Mesias,R"]
[Result "1-0"]
[WhiteElo "2394"]
[BlackElo "2220"]

1.e4 c5 2.Nf3 Nc6 3.Nc3 d6 4.d4 cxd4 5.Nxd4 e5 6.Nf3 Nf6 7.Bc4 Bg4 8.h3 Bh5
9.Bg5 Be7 10.Bxf6 Bxf6 11.Nd5 Rc8 12.c3 O-O 13.O-O Kh8 14.Qd3 Ne7 15.Nxe7 Qxe7
16.g4 Bg6 17.Bd5 Qc7 18.a4 Be7 19.a5 a6 20.Nd2 f6 21.Nc4 Be8 22.Nb6 Rb8 23.Rfd1 g6
24.b4 Rd8 25.Be6 Bc6 26.Qc4 Qb8 27.Nd5 Rde8 28.Nb6 Rd8 29.Rab1 f5 30.exf5 gxf5
31.Bd5 Bb5 32.Qa2 fxg4 33.hxg4 Bh4 34.f3 Qc7 35.c4 Bc6 36.Rf1 Qg7 37.b5 Be8
38.Qg2 Bg5 39.Rfe1 Rf6 40.Be4 Rh6 41.Nd5 axb5 42.cxb5 Bf7 43.a6 bxa6 44.b6 Bxd5
45.Bxd5 Bf4 46.b7 Qc7 47.Qf2 Rf8 48.Re2 Bh2+ 49.Kg2 Bf4 50.Rh1 Rxh1 51.Kxh1 Rf6
52.Rc2 Rh6+ 53.Kg1  1-0

[Event "American Continental"]
[Site "Buenos Aires ARG"]
[Date "2005.08.13"]
[Round "8"]
[White "Rodriguez,And URU"]
[Black "Milos,G"]
[Result "0-1"]
[WhiteElo "2523"]
[BlackElo "2606"]

1.e4 c5 2.Nc3 Nc6 3.Nf3 d6 4.d4 cxd4 5.Nxd4 Nf6 6.f3 e6 7.Be3 Be7 8.g4 Nd7
9.Qd2 Bh4+ 10.Bf2 Bg5 11.f4 Nxd4 12.Bxd4 Bxf4 13.Qxf4 e5 14.Qg3 exd4 15.Nd5 Ne5
16.O-O-O O-O 17.Rg1 Be6 18.Rxd4 Rc8 19.g5 Rc5 20.Kb1 Bxd5 21.exd5 Qb6 22.Rd1 Rfc8
23.Rg2 Qb4 24.Qe3 g6 25.a3 Qb6 26.Qg3 Rc3 27.Qf2 R8c5 28.Qf4 Rxa3 29.Rg3 Rxg3
30.hxg3 Rc8 31.Bh3 Nc4 32.Qf6 Re8 33.Qc3 Re4 34.Rf1 Qd4 35.Qxd4 Rxd4 36.Re1 Re4
37.Rd1 Re5 38.Bc8 b6 39.Rd3 Rxg5 40.Ba6 Ne5 41.Rc3 h5 42.Bc8 Ng4 43.Rc7 Nf6
44.c4 Rxg3 45.Rxa7 Ne4 46.Ra4  0-1

[Event "TCh-ESP Premier North"]
[Site "Barcelona ESP"]
[Date "2005.08.14"]
[Round "6"]
[White "Suarez Pousa,D"]
[Black "Perpinya Rofes,L"]
[Result "0-1"]
[WhiteElo "2400"]
[BlackElo "2381"]

1.e4 c5 2.Nc3 Nc6 3.Nf3 d6 4.d4 cxd4 5.Nxd4 Nf6 6.Bc4 e6 7.Be3 a6 8.Qe2 Qc7
9.O-O-O Na5 10.Bd3 b5 11.g4 b4 12.Nb1 Bb7 13.Nd2 d5 14.e5 Ne4 15.f3 Nc5 16.Kb1 Be7
17.f4 Nc4 18.f5 Nxb2 19.Kxb2 Na4+ 20.Kc1 b3 21.Bb5+ axb5 22.Qxb5+ Bc6 23.Qxb3 O-O
24.Nxc6 Qxc6 25.Rdf1 Nc3 26.Nc4 Qxc4 27.Qxc4 dxc4 28.f6 Rfd8 29.fxe7 Nxa2+  0-1

[Event "American Continental"]
[Site "Buenos Aires ARG"]
[Date "2005.08.14"]
[Round "9"]
[White "Lucena,L"]
[Black "Uribe,M"]
[Result "0-1"]
[WhiteElo "2184"]
[BlackElo "2373"]

1.e4 c5 2.Nc3 Nc6 3.Nge2 Nf6 4.g3 g6 5.Bg2 Bg7 6.d3 d6 7.h3 Qb6 8.O-O O-O
9.Rb1 e6 10.Be3 Qa5 11.a3 Nd7 12.b4 Qd8 13.Qd2 a6 14.bxc5 dxc5 15.f4 e5 16.Nd5 Ne7
17.Nec3 b5 18.f5 Nxd5 19.Nxd5 Bb7 20.f6 Nxf6 21.Nxf6+ Bxf6 22.Qf2 Be7 23.Bxc5 Qc7
24.Bb4 Rac8 25.c4 bxc4 26.dxc4 Ba8 27.Kh2 a5 28.Bxe7 Qxe7 29.Qa2 Rfd8 30.Rb5 Rd4
31.Rxa5 Bxe4 32.Re1 Rcxc4 33.Bxe4 Rxe4 34.Rxe4 Rxe4 35.Qf2 Rd4 36.Qe3 Qb7
37.Qe2 Qd7 38.Ra8+ Kg7 39.Qxe5+ f6 40.Qe3 Rd2+ 41.Kg1 Rd1+ 42.Kh2 Qb7 43.g4 Qxa8
44.Qe7+ Kh6  0-1

[Event "ch-AUT Qualifier"]
[Site "Gmunden AUT"]
[Date "2005.08.14"]
[Round "2"]
[White "Alvir,A"]
[Black "Kreisl,R"]
[Result "0-1"]
[WhiteElo "2385"]
[BlackElo "2272"]

1.e4 c5 2.Nf3 Nc6 3.Nc3 d6 4.d4 cxd4 5.Nxd4 Nf6 6.Bc4 Qb6 7.Nb3 e6 8.Bf4 Ne5
9.Be2 Be7 10.Be3 Qc7 11.f4 Nc6 12.Bf3 a6 13.Qe2 b5 14.Qf2 Nd7 15.O-O-O Rb8
16.Rhe1 O-O 17.Kb1 Nb6 18.Nd5 Nxd5 19.exd5 Nb4 20.f5 Nxd5 21.Ba7 Ra8 22.Bd4 Bb7
23.Qg3 Nf6 24.fxe6 fxe6 25.Rxe6 Rac8 26.c3 Rf7 27.Rde1 Bxf3 28.Qxf3 Rcf8
29.g3 Bd8 30.Nd2 a5 31.a3 Qb8 32.Qd3 b4 33.axb4 axb4 34.cxb4 Qxb4 35.Bc3 Qa4
36.Qc4 Qxc4 37.Nxc4 d5 38.Ne3 Rd7 39.Rd1 Kf7 40.Ra6 Re8 41.Bxf6 Rxe3 42.Bd4 Re2
43.Rf1+ Ke8 44.Ra8 Rb7 45.Rf5 Rxh2 46.Rxd5 Rd7 47.Rxd7 Kxd7 48.Ra7+ Kc6 49.Rxg7 h5
50.Ka2 h4 51.gxh4 Rxh4 52.Bc3 Bb6 53.Rg6+ Kb5 54.Rd6 Bc5 55.Rd8 Bb6 56.Rb8 Kc6
57.Kb3 Ba7 58.Ra8 Bc5 59.Rg8 Kb5 60.Rg5 Kc6 61.Rg2 Kb5 62.Be1 Rh3+ 63.Kc2 Re3
64.Bd2 Rh3 65.Rg5 Kc6 66.Rg4 Kb5 67.Rg8 Rh4 68.Rg6 Rh2 69.Rg5 Kc6 70.Kd1 Rh1+
71.Ke2 Rh2+ 72.Kd3 Rh4 73.Be1 Rd4+ 74.Kc2 Rd5 75.Rg8 Re5 76.Bc3 Re4 77.Rc8+ Kb5
78.Rh8 Rg4 79.Rh3 Kc6 80.Kd3 Kb5 81.Rf3 Rh4 82.Rf5 Kc6 83.Be5 Rg4 84.Rf6+ Kb5
85.Bf4 Rg2 86.Rf5 Kc6 87.Kc3 Rg4 88.b4 Bd6 89.b5+ Kd7 90.Be3 Rg3 91.Kd4 Ke6
92.Rh5 Rg4+ 93.Kd3 Rg3 94.Kd2 Rg2+ 95.Kd3 Rg3 96.Ke2 Rg2+ 97.Kf3 Rb2 98.Bd4 Rb4
99.Ke4 Kd7 100.Kd3 Rb3+ 101.Kc2 Rb4 102.Bc3 Rg4 103.Kb3 Rf4 104.Bd2 Rg4 105.Rh6 Re4
106.Bc3 Rg4 107.Rh1 Rg3 108.Re1 Rg5 109.Ka4 Rg4+ 110.Ka5 Rc4 111.Bf6 Bb4+  0-1

[Event "ch-SCG jr"]
[Site "Vrnjacka Banja SCG"]
[Date "2005.08.14"]
[Round "4"]
[White "Nadj Hedjesi,B"]
[Black "Sarenac,I"]
[Result "1-0"]
[WhiteElo "2357"]
[BlackElo "2070"]

1.e4 c5 2.Nc3 Nc6 3.Bb5 Nd4 4.Bc4 e6 5.Nge2 a6 6.Nxd4 cxd4 7.Ne2 Bc5 8.O-O Ne7
9.d3 d5 10.exd5 Nxd5 11.Nf4 Nxf4 12.Bxf4 O-O 13.Qh5 Bd6 14.Bd2 Qf6 15.Rae1 b5
16.Bb3 Bb7 17.f4 Qg6 18.Qh3 a5 19.a4 bxa4 20.Bxa4 Bd5 21.Re2 f5 22.c4 dxc3
23.bxc3 Rfb8 24.c4 Bc5+ 25.Be3 Bxe3+ 26.Qxe3 Rb4 27.cxd5 Rxa4 28.dxe6 Qf6
29.Qf3 Rd8 30.e7 Re8 31.Qd5+ Qf7 32.Qd7 Rb4 33.Rc1 Rbb8 34.Rce1 Ra8 35.Qb7 h6
36.d4 Qc4 37.Qd7 a4 38.d5 a3 39.Qe6+ Kh8 40.d6 Qd4+ 41.Kh1 a2 42.Rxa2 Rxa2
43.d7 Raa8 44.dxe8=Q+ Rxe8 45.Qxf5 Qb4 46.Qe5 Qb6 47.h3 Qc6 48.Rd1 Kg8 49.Rd6 Qc7
50.Rd8 Qxe5 51.fxe5 Kf7 52.Rxe8 Kxe8 53.Kh2  1-0

[Event "14th Open"]
[Site "Kavala GRE"]
[Date "2005.08.15"]
[Round "5"]
[White "Marjanovic,Slavo"]
[Black "Halkias,S"]
[Result "1/2-1/2"]
[WhiteElo "2484"]
[BlackElo "2548"]

1.e4 c5 2.Nf3 Nc6 3.Nc3 Nf6 4.d4 cxd4 5.Nxd4 e5 6.Ndb5 d6 7.Bg5 a6 8.Na3 b5
9.Nd5 Be7 10.Bxf6 Bxf6 11.c3 Ne7 12.Nxf6+ gxf6 13.Qd2 Bb7 14.O-O-O Bxe4 15.Qxd6 Qxd6
16.Rxd6 Nc6 17.Rxf6 Ke7 18.Rh6 Rac8 19.Rh4 Bg6 20.Be2 Rhd8 21.Re1 b4 22.Nc4 bxc3  1/2-1/2

[Event "79th Anniv CAP"]
[Site "Posadas ARG"]
[Date "2005.08.15"]
[Round "7"]
[White "Crotti,L"]
[Black "Jimenez,Joa"]
[Result "0-1"]
[WhiteElo "1983"]
[BlackElo "2211"]

1.e4 c5 2.Nc3 Nc6 3.Bb5 e6 4.Bxc6 bxc6 5.f4 d5 6.Nf3 Qc7 7.d3 Be7 8.O-O Nf6
9.Kh1 O-O 10.e5 Nd7 11.Qe1 f6 12.Qg3 fxe5 13.fxe5 Qxe5 14.Qe1 Qxe1 15.Rxe1 e5
16.b3 Bd6 17.Bb2 Ba6 18.Na4 Rae8 19.Rad1 Re7 20.Kg1 Rfe8 21.c4 Nb6 22.Nc3 Bc8
23.h3 h6 24.Rd2 Bf5 25.Ba3 a6 26.Ree2 Rf8 27.Nh4 Bh7 28.Nf3 g5 29.Nh2 Ref7
30.Nd1 Kg7 31.Bb2 Nd7 32.Nc3 Nf6 33.Na4 d4 34.Ba3 Nd7 35.Nb2 Bg6 36.Nd1 Nf6
37.Nf2 Nh5 38.Ne4 Bxe4 39.Rxe4 Ng3 40.Re1 h5 41.Nf3 Rf5 42.h4 gxh4 43.Nxh4 Rf1+
44.Rxf1 Rxf1+ 45.Kh2 e4 46.Bxc5 Rh1+  0-1

[Event "15th ch-SLO"]
[Site "Ptuj SLO"]
[Date "2005.08.15"]
[Round "5"]
[White "Barle,J"]
[Black "Jelen,Ig"]
[Result "0-1"]
[WhiteElo "2408"]
[BlackElo "2334"]

1.e4 c5 2.Ne2 Nc6 3.Nbc3 Nf6 4.g3 d5 5.exd5 Nd4 6.Nxd4 cxd4 7.Nb5 a6 8.Nxd4 e5
9.Nb3 Qxd5 10.f3 h5 11.c4 Qc6 12.Qe2 h4 13.d4 hxg3 14.Qxe5+ Be7 15.d5 g2
16.Bxg2 Qxc4 17.d6 Qb4+ 18.Bd2 Qxd6 19.Qxd6 Bxd6 20.f4 Rb8 21.O-O Bh3 22.Rfe1+ Kf8
23.Rad1 Bxg2 24.Kxg2 Rh4 25.Bc3 Bxf4 26.h3 Rh5 27.Rd3 Nd5 28.Nc5 Kg8 29.Nd7 Rc8
30.Rxd5 Rxd5 31.Nb6 Rxc3 32.Nxd5 Rc2+ 33.Kf3 Bg5 34.Kg4 Rg2+ 35.Kf3 Rxb2
36.Re5 f6 37.Re8+ Kh7 38.Re7 b5 39.Nc7 Rxa2 40.Ne8 b4 41.Rxg7+ Kh6 42.Re7 a5
43.Nd6 Kg6 44.Kg3 Rd2 45.Nc4 Rd3+ 46.Kg2 Rd5 47.Kg3 Rc5 48.Nd6 Rc3+ 49.Kg4 f5+
50.Nxf5 Rc4+ 51.Kg3 Kxf5  0-1

[Event "American Continental"]
[Site "Buenos Aires ARG"]
[Date "2005.08.16"]
[Round "11"]
[White "Zapata,K"]
[Black "Lawson,E"]
[Result "0-1"]
[WhiteElo "2156"]
[BlackElo "2367"]

1.e4 c5 2.Nc3 Nc6 3.Bb5 g6 4.Bxc6 dxc6 5.Nge2 e5 6.d3 Bg7 7.Be3 b6 8.a4 a5
9.O-O Nf6 10.h3 Nh5 11.Qd2 O-O 12.Bg5 f6 13.Bh6 g5 14.Bxg7 Kxg7 15.Nd1 Nf4
16.Ne3 Kh8 17.Ng3 Kg8 18.Ngf5 Ra7 19.Kh2 h5 20.g3 Ne6 21.c3 Ba6 22.Rfd1 Rd7
23.Qe2 Qe8 24.Qc2 Qd8 25.Qe2 g4 26.c4 Rh7  0-1

[Event "14th Open"]
[Site "Kavala GRE"]
[Date "2005.08.17"]
[Round "7"]
[White "Shavtvaladze,N"]
[Black "Papadopoulos,I"]
[Result "1-0"]
[WhiteElo "2371"]
[BlackElo "2233"]

1.e4 c5 2.Nc3 Nc6 3.Bb5 Nd4 4.Bc4 g6 5.Nf3 Bg7 6.Nxd4 cxd4 7.Qf3 Nf6 8.Ne2 O-O
9.d3 Ng4 10.Qg3 Nf6 11.h4 e6 12.Bb3 d6 13.Nxd4 Nxe4 14.dxe4 Bxd4 15.h5 Re8
16.hxg6 hxg6 17.Bg5 Bf6 18.Bxf6 Qxf6 19.O-O-O e5 20.Qh4 Qxh4 21.Rxh4 Be6
22.Rxd6 Bxb3 23.axb3 a5 24.Rd7 b5 25.Rh3 a4 26.b4 Rec8 27.Rd5 Rc4 28.Rxb5 Rxe4
29.Re3 Rf4 30.f3 f6 31.Ra5 Rd8 32.Rxa4 Rfd4 33.b3 Rd1+ 34.Kb2 Rg1 35.Re2  1-0

[Event "ch-SCG jr"]
[Site "Vrnjacka Banja SCG"]
[Date "2005.08.17"]
[Round "7"]
[White "Krstic,P"]
[Black "Pavlik,G"]
[Result "1/2-1/2"]
[WhiteElo "2182"]
[BlackElo "2190"]

1.e4 c5 2.Nf3 Nc6 3.Nc3 d6 4.d4 cxd4 5.Nxd4 Nf6 6.Bc4 Qb6 7.Nxc6 bxc6 8.O-O e6
9.Qe2 Nd7 10.Na4 Qa5 11.b3 Be7 12.Bb2 Ne5 13.f4 Nxc4 14.Qxc4 O-O 15.Rf3 Qb5
16.Qd4 f6 17.c4 Qh5 18.Re1 Qf7 19.Rg3 Bb7 20.f5 e5 21.Qd1 g5 22.fxg6 hxg6
23.Bc1 Kg7  1/2-1/2

[Event "ch-AUT Qualifier"]
[Site "Gmunden AUT"]
[Date "2005.08.18"]
[Round "6"]
[White "Neuschmied,S"]
[Black "Sandhoefner,F"]
[Result "1-0"]
[WhiteElo "2220"]
[BlackElo "2322"]

1.e4 c5 2.Nc3 Nc6 3.Bb5 Nd4 4.Bc4 e6 5.Nge2 Ne7 6.Nxd4 cxd4 7.Ne2 Nc6 8.d3 g6
9.O-O Bg7 10.Bf4 d6 11.Qd2 h6 12.Bb3 a6 13.c3 dxc3 14.bxc3 Qc7 15.Qe3 Na5
16.Bc2 e5 17.Bg3 O-O 18.f3 f5 19.Bf2 f4 20.Qb6 Qxb6 21.Bxb6 Nc6 22.Bb3+ Kh7
23.a4 Bf6 24.Bc7 Bd8 25.Bxd8 Rxd8 26.a5 Kg7 27.Bd5 Ne7 28.Rab1 Nxd5 29.exd5 Rb8
30.g4 fxg3 31.Nxg3 Bf5 32.Ne4 Bxe4 33.fxe4 Rdc8 34.c4 Rc5 35.Rb6 Rxa5 36.Rxd6 Ra3
37.Rd7+ Kg8 38.Rf6 Rb3 39.Rxg6+ Kh8 40.Rxh6+ Kg8 41.Re7 a5 42.Rg6+ Kf8 43.Rxe5 a4
44.d6 Kf7 45.Rg3 a3 46.Rf3+ Kg7 47.Ra5  1-0

[Event "14th Open"]
[Site "Kavala GRE"]
[Date "2005.08.18"]
[Round "8"]
[White "Marholev,D"]
[Black "Pountzas,H"]
[Result "1-0"]
[WhiteElo "2423"]
[BlackElo "2258"]

1.e4 c5 2.Nc3 Nc6 3.Nge2 g6 4.d4 cxd4 5.Nxd4 Bg7 6.Be3 Nf6 7.Bc4 O-O 8.Bb3 a5
9.a4 d6 10.h3 Nxd4 11.Bxd4 Be6 12.Bxe6 fxe6 13.e5 dxe5 14.Bxe5 Qb6 15.O-O Bh6
16.Qe2 Nd7 17.Bg3 Nc5 18.b3 Qc6 19.Nb5 Ne4 20.Be5 Rf5 21.Nd4 Qd5 22.Nxf5 exf5
23.Bb2 Rc8 24.c4 Qd2 25.Rfe1 Qb4 26.f3  1-0

[Event "Masters"]
[Site "Abu Dhabi UAE"]
[Date "2005.08.19"]
[Round "5"]
[White "Muralidharan,M"]
[Black "Faisal,Ab"]
[Result "1/2-1/2"]
[WhiteElo "2329"]
[BlackElo "2175"]

1.e4 c5 2.Nc3 Nc6 3.Bb5 g6 4.Nf3 Bg7 5.O-O Nf6 6.e5 Ng4 7.Bxc6 dxc6 8.Re1 O-O
9.d3 f6 10.exf6 exf6 11.h3 Nh6 12.Be3 b6 13.d4 cxd4 14.Nxd4 Qd7 15.Qf3 Bb7
16.Bxh6 c5 17.Qg4 Qxg4 18.hxg4 Bxh6 19.Ndb5 Bf4 20.Rad1 Be5 21.f4 Bxf4 22.Re7 Bc8  1/2-1/2

[Event "15th ch-SLO w"]
[Site "Ptuj SLO"]
[Date "2005.08.19"]
[Round "9"]
[White "Mar,K"]
[Black "Bukovec,T"]
[Result "1-0"]
[WhiteElo "2134"]
[BlackElo "1829"]

1.e4 c5 2.Nc3 Nc6 3.Bb5 a6 4.Bxc6 bxc6 5.d3 d5 6.e5 g6 7.f4 Bg7 8.Nf3 e6
9.O-O Nh6 10.b3 Nf5 11.Na4 Bf8 12.Qe1 Nd4 13.Qf2 Nxf3+ 14.Qxf3 Qa5 15.Be3 Bd7
16.Qf2 d4 17.Bc1 Rb8 18.Ba3 Be7 19.Rac1 Rb5 20.c3 h5 21.cxd4 cxd4 22.Bxe7 Kxe7
23.Qxd4 Rd5 24.Qa7 Rd8 25.Rxc6 Ke8 26.Rxa6 Qd2 27.Qf2 Qxd3 28.Ra7 Bb5 29.Re1 Qf5
30.h3 Rd2 31.Qc5 Bd7 32.Nb6 Rc2 33.Qb4 Bc6 34.Qe7+  1-0

[Event "ch-SCG jr"]
[Site "Vrnjacka Banja SCG"]
[Date "2005.08.20"]
[Round "10"]
[White "Krivokapic,M"]
[Black "Ristic,Neb2"]
[Result "1/2-1/2"]
[WhiteElo "2338"]
[BlackElo "2183"]

1.e4 c5 2.Nf3 Nc6 3.Nc3 d6 4.d4 cxd4 5.Nxd4 Nf6 6.Be3 e6 7.f3 Be7 8.Qd2 a6
9.O-O-O O-O 10.h4 Qc7 11.g4 b5 12.Nxc6 Qxc6 13.Ne2 e5 14.g5 Nh5 15.Nc3 Be6
16.Rg1 Rfc8 17.Kb1 b4 18.Nd5 Bxd5 19.exd5 Qb7 20.Bh3 Rc4 21.Bg4 Nf4 22.b3  1/2-1/2